| 000 | 00600nam a22001697a 4500 | ||
|---|---|---|---|
| 005 | 20251108164058.0 | ||
| 008 | 250721s1994 xx 000 0 ara d | ||
| 082 | 1 | 4 | _a216,911/بدو |
| 100 | 1 | _aالبدوي، إسماعيل إبراهيم | |
| 245 | 1 | 0 |
_aنظام الحكم الإسلامي : _bمقارناً بالنظم السياسية المعاصرة / |
| 264 | 1 |
_aالقاهرة : _bدار النهضة العربية، _c1994. |
|
| 300 | _a420ص | ||
| 650 | 1 | 7 | _aنظام الحكم في الإسلام |
| 650 | 1 | 7 | _aالأحكام السلطانية |
| 942 |
_2ddc _cBK |
||
| 999 |
_c3049 _d3049 |
||